02166cam a2200277 4500999001500000003000900015005001700024008004100041015000800082020001800090040002800108041001300136043001200149082002000161100002400181245009300205260003800298300002000336520129200356534002001648650001901668650002301687700002801710942001501738952013501753 c5263d5263DO-SdBJH20200608145024.0110730s2010 ck r 000 f spa d aNNN a9786073101400 aCO-BoPUJbspacDO-SdBJH1 aspaheng ae-uk---04a808.3 F667 20101 aFollett, Kend1949-13aLa caída de los gigantes / cKen Follett ; traducción de Ana Alcina Perez...[et al.] aBogotá : bPlaza & Janes,c2010 a1016 páginas. aUna gran novela que narra la vida de unas familias americanas, británicas, rusas y alemanas con el trasfondo de la I Guerra Mundial, la Revolución Rusa y los profundos cambios sociales que éstas conllevaron. "Esta es la historia de mis abuelos y de los vuestros, de nuestros padres y de nuestras propias vidas. De alguna forma es la historia de todos nosotros." Ken Follett La historia empieza en 1911, el día de la coronación del rey Jorge V en la abadía de Westminster. El destino de los Williams, una familia minera de Gales, está unido por el amor y la enemistad al de los Fitzherbert, aristócratas y propietarios de minas de carbón. Lady Maud Fitzherbert se enamorará de Walter von Ulrich, un joven espía en la embajada alemana de Londres. Sus vidas se entrelazarán con la de un asesor progresista del presidente de Estados Unidos, Woodrow Wilson, y la de dos hermanos rusos a los que la guerra y la revolución les ha arrebatado su sueño de buscar fortuna en América. Tras el éxito de Los pilares de la Tierra y Un mundo sin fin, Ken Follett presenta esta gran novela épica que narra la historia de cinco familias durante los años turbulentos de la Primera Guerra Mundial, la Revolución Rusa y la lucha de hombres y mujeres por sus derechos. tFall of giants.14aNovela inglesa24aLiteratura inglesa1 aAlcaina Perez, AnaeTr. 2ddccBKz3 00102ddc40708CGaBJHAbBJHAcGENd2019-03-15i19-02239l0o808.3 F667 2010p19-02239r2019-03-15 00:00:00te.1w2019-03-15yBK